Εκτίμηση πυκνότητας αναγέννησης μεσογειακών δασών πεύκης (Pinus brutia) διαφορετικών σταδίων διαδοχής μετά από φωτιά : πτυχιακή εργασία

Αποθηκεύτηκε σε:
Λεπτομέρειες βιβλιογραφικής εγγραφής
Κύριος συγγραφέας: Ξυπτεράς, Νικόλαος
Συγγραφή απο Οργανισμό/Αρχή: Πανεπιστήμιο Αιγαίου. Σχολή Περιβάλλοντος. Τμήμα Περιβάλλοντος
Άλλοι συγγραφείς: Δημητρόπουλος, Παναγιώτης Χ. (dgs [Επιβλέπων καθηγητής])
Μορφή: Thesis Βιβλίο
Γλώσσα:Greek
Δημοσίευση: 2005.
Θέματα:
Διαθέσιμο Online:http://hdl.handle.net/11610/10437
Ετικέτες: Προσθήκη ετικέτας
Δεν υπάρχουν, Καταχωρήστε ετικέτα πρώτοι!

MARC

LEADER 00000cam a2200000 i 4500
001 1/26464
008 060320s2005 gre d
035 |l 10083164 
040 |a GR-MY-UA  |b gre  |e aacr 
041 0 |a gre 
082 0 |a 585.217  |2 (22) 
100 1 |a Ξυπτεράς, Νικόλαος. 
245 1 0 |a Εκτίμηση πυκνότητας αναγέννησης μεσογειακών δασών πεύκης (Pinus brutia) διαφορετικών σταδίων διαδοχής μετά από φωτιά :   |b πτυχιακή εργασία /   |c Ξυπτεράς Νικόλαος ; υπεύθυνος καθηγητής Δημητρακόπουλος Παναγιώτης.  
260 |c 2005.  
300 |a 58 σ. :   |b χάρτες, σχ. ;   |c 30 εκ.  
502 |a Πτυχιακή εργασία - Πανεπιστήμιο Αιγαίου, Λέσβος, 2005.  
504 |a Βιβλιογραφία: 49-50.  
650 0 0 |a Pine  |x Ecology. 
650 0 0 |a Forest ecology. 
650 0 0 |a Fire ecology. 
650 0 |a Regeneration (Botany)  |z Greece  |z Lesbos (Municipality) 
650 0 0 |a Dissertations, Academic  |z Greece. 
700 1 |a Δημητρόπουλος, Παναγιώτης Χ.  |e dgs [Επιβλέπων καθηγητής] 
710 2 |a Πανεπιστήμιο Αιγαίου.   |b Σχολή Περιβάλλοντος.   |b Τμήμα Περιβάλλοντος. 
852 |a INST  |b LESVOS  |c DIATR  |e 20060320  |h 1025  |p 005100035465  |q 005100035465  |t DIE  |y 23 
852 |a INST  |b LESVOS  |c DIATR  |e 20060320  |h 1026  |p 005100035459  |q 005100035459  |t DIE  |y 23 
856 |u http://hdl.handle.net/11610/10437 
901 |a BIBL1-2006-1 
909 |a Λ  |b 125747 
909 |a Λ  |b 125746 
924 |a ΞΥΠΤΕΡΑΣ  |b ΝΙΚΟΛΑΟΣ  |y ΛΕΣΒΟΣ  |z 2006-02 
970 |a ΜΑΡΙΝΑΤΟΥ  |b ΜΥΡΣΙΝΗ  |z 2006/03/20